000 00615nam a2200205Ia 4500
003 GCL
008 140319s9999 xx 000 0 ara d
040 _aGCL /
_cGCL
082 0 4 _a370.1
_bع م
100 1 _aعلى بركات
245 1 0 _aمحاورات فى الثقافة والتربية /
_cعلى بركات
260 _aالقاهرة :
_bمكتبة النهضة المصرية ،
_c1989
300 _a152ص ؛
_c22 سم
490 _a
650 0 4 _aالتعليم
650 0 4 _aالتربية
650 0 4 _aالمناهج
650 0 4 _aالاجتماع التربوى - علم
942 _2ddc
_cBK
999 _c29094
_d29094